=LDR 00000nam 2200000 4500 =001 INLIS000000000013723 =005 20130612105053 =008 ***********************************Ind** =035 ##$$0010-061300000013723 =041 ##$$a Ind =082 ##$$a 658.311 =090 ##$$a 658.311, Sam s =100 ##$$a Sambu, Gari Rakai =245 ##$$a Strategi tepat memperoleh pekerjaan dengan mudah, Gari Rakai Sambu =260 ##$$a 2004 $b Yogyakarta =300 ##$$a 272 hlm, Ilus, 21 cm =650 ##$$a Melamar pekerjaan =850 ##$$a NBPNMAT